| 000 | 00571nam a2200181 a 4500 | ||
|---|---|---|---|
| 001 | 000008092 | ||
| 005 | 20200929154429.0 | ||
| 008 | 771112s1983 cl 001 1 spa | ||
| 040 |
_aDO-SdBNP _bspa _dBNPHU |
||
| 082 |
_aCh863.44 _bL358c |
||
| 100 | 1 |
_aLatorre, Mariano, _d1886-1955. _921995 |
|
| 245 | 1 | 0 |
_aCuna de condores / _cMariano Latorre ; prólogo, Omer Emeth. |
| 260 |
_aSantiago de Chile : _bAndres Bello, _c1983. |
||
| 300 |
_a103 p. ; _c19 cm. |
||
| 650 | 4 |
_aCuentos chilenos _914649 |
|
| 650 | 4 |
_aLiteratura chilena _93164 |
|
| 700 | 1 |
_aemeth, Omer, _epról. _921996 |
|
| 999 |
_c7869 _d7869 |
||